00693cam a22002171 450000100060000000300080000600500170001400800410003103500190007203500180009104000340010904100080014308200210015110000200017224500840019226000590027630000270033550000260036250400400038865000470042823908BD-RjUL20211209001002.0140312s1962 enk b 001 0 eng d a(BD-RjUL)23973 a(OCoLC)258659 aDLCcOAUdOCoLCdBD-RjULbeng aeng a860.9bBRL 19621 aBrenan, Gerald.14aThe literature of the Spanish people : from Roman times to the present day / aCambridge :bUniversity Press,c1951 [Reprinted 1962]. axxii, 342 p. ;c23 cm. aErrata slip inserted. aBibliography: p. 471-487 and index. 0aSpanish literaturexHistory and criticism.